La luna y los planetas /

Hlavní autor: Sadil, Josef, 1919-1971
Další autoři: Pešek, Luděk, 1919-1999
Jazyk: Španělština
Vydáno: México : Queromón Editores, 1965
Fyzický popis: 184 s.
Knihy
Uloženo v:
LEADER 00743nam a2200217 a 4500
001 000630540
003 CZ BrMZK
005 20120608092028.0
007 ta
008 021015s1965 mx f spa d
040 |a BOA001  |b cze  |c BOA001 
041 1 |a spa  |h eng  |h cze 
100 1 |a Sadil, Josef,  |d 1919-1971  |7 jk01110252  |4 aut 
245 1 3 |a La luna y los planetas /  |c J. Sadil ; ilustraciones de Luděk Pešek 
260 |a México :  |b Queromón Editores,  |c 1965 
300 |a 184 s. 
500 |a Přeloženo z anglického překladu českého originálu 
700 1 |a Pešek, Luděk,  |d 1919-1999  |7 jk01092650  |4 ill 
910 |a BOA001  |b 4-0549.902 
990 |a BK 
996 6 |b BC-56885  |c 4-0549.902  |l MZK  |r Sklad / do 1 hodiny  |n 0  |w 000630540  |u 000010  |a 1  |e BOA001  |j MZK50  |s P